| 000 | 00473nam a2200181Ia 4500 | ||
|---|---|---|---|
| 001 | 20768 | ||
| 005 | 20260306172830.0 | ||
| 008 | 260306t2005||||xx |||||||||||||| ||spa|| | ||
| 041 | _aESP | ||
| 082 |
_a343.8 _bA65 |
||
| 100 |
_aArancibia Cueva, Miguel _eAUT |
||
| 245 | 0 | _aManual del impuesto general a las ventas e impuesto selectivo al consumo | |
| 260 | _c2005 | ||
| 300 |
_a495 páginas : _c24 cm. |
||
| 650 | _aGEN | ||
| 654 | _aCDE | ||
| 942 |
_cLIB _dJUS _fJUS _2ddc _n |
||
| 999 |
_c20768 _d20768 |
||